[Event "Krakow op-C"]
[Site "Krakow"]
[Date "2022.06.25"]
[Round "1"]
[White "Mielcuch, Karol"]
[Black "Grzelak, Piotr"]
[Result "1-0"]
[WhiteElo "1276"]
[BlackElo "1684"]
[PlyCount "65"]
[EventDate "2022.06.25"]
[EventType "swiss"]
[EventRounds "9"]
[EventCountry "POL"]
[SourceTitle "EXT 2023"]
[Source "ChessBase"]
[SourceDate "2022.10.05"]
[SourceVersion "1"]
[SourceVersionDate "2022.10.05"]
[SourceQuality "1"]

1. c4 e6 2. Nf3 d5 3. b3 Nf6 4. Bb2 Be7 5. g3 0-0 6. Bg2 c5 7. d4 dxc4 8. bxc4 Nc6 9. 0-0 Qc7 10. d5 exd5 11. cxd5 Rd8 12. Nc3 a6 13. Qb3 Na5 14. Qd1 Bf5 15. Nd2 Rac8 16. e4 Bg4 17. Qe1 Ne8 18. e5 Qb6 19. Rb1 Qh6 20. d6 Bf8 21. Nd5 Nc6 22. Ne4 Nd4 23. Bc1 Qg6 24. Nf4 Qf5 25. f3 Nxf3+ 26. Bxf3 Bxf3 27. Rxf3 g5 28. Rxb7 gxf4 29. Rxf4 Qe6 30. Rbxf7 Bh6 31. Re7 Qg6 32. Nf6+ Kf8 33. Rg4 1-0

[Event "Polanica Zdroj op-D 56th"]
[Site "Polanica Zdroj"]
[Date "2020.08.17"]
[Round "3"]
[White "Grzelak, Piotr"]
[Black "Ratajczak, Hubert"]
[Result "1/2-1/2"]
[WhiteElo "1664"]
[BlackElo "1513"]
[PlyCount "81"]
[EventDate "2020.08.15"]
[EventType "swiss"]
[EventRounds "9"]
[EventCountry "POL"]
[SourceTitle "CBM 198 Extra"]
[Source "ChessBase"]
[SourceDate "2020.11.30"]
[SourceVersion "1"]
[SourceVersionDate "2020.11.30"]
[SourceQuality "1"]

1. e4 c5 2. c4 d6 3. Ne2 Nf6 4. Nbc3 e6 5. d4 cxd4 6. Nxd4 a6 7. Be2 Qc7 8. Be3 b6 9. Qd2 Bb7 10. f3 Nbd7 11. Rc1 Be7 12. g4 h6 13. Kf2 Ne5 14. Bd3 Nfxg4+ 15. fxg4 Nxg4+ 16. Ke2 Nxe3 17. Qxe3 Bg5 18. Qg3 Bxc1 19. Rxc1 g5 20. Kd2 0-0-0 21. b4 Kb8 22. a4 Rc8 23. Nb3 Rhd8 24. a5 d5 25. cxd5 Qxg3 26. hxg3 exd5 27. Nxd5 Rxc1 28. Kxc1 Bxd5 29. exd5 bxa5 30. Nxa5 Rxd5 31. Bxa6 h5 32. Bc4 Rf5 33. Kd2 h4 34. gxh4 gxh4 35. Nc6+ Kc7 36. Nd4 Rf6 37. Ke3 h3 38. Nf3 Kd6 39. Bf1 Rh6 40. Nh2 f6 41. Ng4 1/2-1/2

[Event "Rubinstein Memorial-C 55th"]
[Site "Polanica Zdroj"]
[Date "2019.08.19"]
[Round "3"]
[White "Grzelak, Piotr"]
[Black "Obrochta, Lena"]
[Result "0-1"]
[WhiteElo "1673"]
[BlackElo "1870"]
[PlyCount "82"]
[EventDate "2019.08.17"]
[EventType "swiss"]
[EventRounds "9"]
[EventCountry "POL"]
[SourceTitle "EXT 2020"]
[Source "ChessBase"]
[SourceDate "2019.10.17"]
[SourceVersion "1"]
[SourceVersionDate "2019.10.17"]
[SourceQuality "1"]

1. e4 c5 2. c4 e6 3. Nc3 d6 4. Nf3 Nf6 5. d4 cxd4 6. Nxd4 a6 7. Be3 Be7 8. Be2 0-0 9. 0-0 Qc7 10. Kh1 b6 11. Qd2 Bb7 12. f3 Nbd7 13. Rac1 Rac8 14. g4 Rfd8 15. g5 Ne8 16. h4 Qb8 17. Rf2 Nc7 18. Rcf1 Qa8 19. Kg1 Nc5 20. b4 Nd7 21. h5 g6 22. Bd3 d5 23. hxg6 fxg6 24. Nxe6 Nxe6 25. exd5 Bxb4 26. Bxg6 hxg6 27. dxe6 Ne5 28. Qe2 Bxc3 29. f4 Nxc4 30. Qc2 Be4 31. Qxc3 Nxe3 32. Qxe3 Rd3 33. Qxb6 Rg3+ 34. Kh2 Rcc3 35. Rd2 Rh3+ 36. Kg1 Rh1+ 37. Kf2 Rf3+ 38. Ke2 Rh2+ 39. Ke1 Rxf1+ 40. Kxf1 Bd3+ 41. Ke1 Qh1+ 0-1

[Event "Bohumin op 2nd"]
[Site "Bohumin"]
[Date "2019.06.29"]
[Round "8"]
[White "Grzelak, Piotr"]
[Black "Cempel, Jaroslav"]
[Result "0-1"]
[WhiteElo "1616"]
[BlackElo "2064"]
[PlyCount "50"]
[EventDate "2019.06.22"]
[EventType "swiss"]
[EventRounds "9"]
[EventCountry "CZE"]
[SourceTitle "CBM 191 Extra"]
[Source "ChessBase"]
[SourceDate "2019.09.30"]
[SourceVersion "1"]
[SourceVersionDate "2019.09.30"]
[SourceQuality "1"]

1. e4 d5 2. exd5 Qxd5 3. Nc3 Qd6 4. d4 Nf6 5. Bd3 Nc6 6. Nge2 a6 7. Bf4 Qd8 8. Qd2 Bg4 9. f3 Bh5 10. Ne4 Nd5 11. c3 e6 12. 0-0-0 Bg6 13. Rhe1 Be7 14. Kb1 Qd7 15. N2g3 0-0-0 16. Bg5 f6 17. Be3 f5 18. Nf2 Rhe8 19. Bg5 Bxg5 20. Qxg5 Qd6 21. Nxf5 exf5 22. Bxf5+ Bxf5+ 23. Qxf5+ Qd7 24. Qg5 h6 25. Qg3 Ne3 0-1

[Event "Bohumin op 2nd"]
[Site "Bohumin"]
[Date "2019.06.26"]
[Round "5"]
[White "Koloczek, Maciej"]
[Black "Grzelak, Piotr"]
[Result "0-1"]
[WhiteElo "1981"]
[BlackElo "1616"]
[PlyCount "80"]
[EventDate "2019.06.22"]
[EventType "swiss"]
[EventRounds "9"]
[EventCountry "CZE"]
[SourceTitle "CBM 191 Extra"]
[Source "ChessBase"]
[SourceDate "2019.09.30"]
[SourceVersion "1"]
[SourceVersionDate "2019.09.30"]
[SourceQuality "1"]

1. e4 e6 2. d3 d5 3. Nd2 c5 4. Ngf3 Nc6 5. g3 Bd6 6. Bg2 Nge7 7. 0-0 0-0 8. Re1 Ng6 9. h4 d4 10. h5 Nge5 11. Nxe5 Nxe5 12. f4 Nc6 13. h6 e5 14. hxg7 Kxg7 15. f5 f6 16. Nc4 b5 17. Nxd6 Qxd6 18. Bh6+ Kxh6 19. Qg4 Bxf5 20. exf5 Rg8 21. Qe4 Rac8 22. Kf2 Rg5 23. Rh1+ Kg7 24. Rh4 Rc7 25. Rah1 Kh8 26. Rh6 Rgg7 27. Qh4 Rcf7 28. Be4 c4 29. g4 Qb4 30. Rd1 Qxb2 31. Rxf6 Qxc2+ 32. Ke1 cxd3 33. Rxd3 Nb4 34. Rxf7 Nxd3+ 35. Bxd3 Qc1+ 36. Kf2 Qe3+ 37. Kg2 Rxf7 38. Qd8+ Kg7 39. f6+ Rxf6 40. Qe7+ Rf7 0-1